Spell the Marvel Character #78 - Statistics

General Stats
  • This quiz has been taken 31 times
  • The average score is 7 of 11
Answer Stats
Picture Answer % Correct
America Chavez
100%
Iron Fist
87%
Tigra
78%
Yellowjacket
78%
Thena
74%
Rage
61%
Lightspeed
57%
Aurora
52%
Oya
48%
Taxi Taylor
30%
Xenith
9%
No matching quizzes found
Score Distribution
Percent of People with Each Score
Percentile by Number Answered
Your Score History
You have not taken this quiz